000 00921cam a22002891 4500
001 1233746
003 OSt
005 20230629140607.0
008 710426s1966 fi ab b 000 0 eng
010 _a 68072514
040 _aDLC
_cDLC
_dDLC
041 1 _aeng
_hfin
043 _ae-fi---
050 0 0 _aKJT68
_b.U68 1966
082 0 0 _a347.4897
_a344.897
_219
_bUOT
100 1 _aUotila, Jaakko,
_ecomp.
245 1 4 _aThe Finnish legal system.
_cTranslated by Carl-Henrik Lundell.
260 _aHelsinki,
_bUnion of Finnish Lawyers Pub. Co.,
_c1966.
300 _a263 p.
_billus., maps.
_c21 cm.
490 1 _aPublications of the Union of Finnish Lawyers,
_vno. 26
504 _aIncludes bibliographies.
650 0 _aLaw
_zFinland.
830 0 _aPublications of the Union of Finnish Lawyers ;
_vn:o 26.
906 _a7
_bcbc
_corignew
_du
_eopcn
_f19
_gy-gencatlg
942 _2ddc
_cBK
999 _c3097
_d3097